000 00639nam a2200277Ia 4500
005 20260324141855.0
008 008 260324s9999 xx 000 0 eng d
020 _a9781315702551
037 _aEBOOK
040 _aCRL
040 _beng
040 _cCRL
041 _2eng
041 _aeng
084 _qCRL
100 _aLynda Norene Shaffer
_91209837
245 0 _aMaritime Southeast Asia to 500
260 _bTaylor and Francis
260 _c1996
365 _a
365 _b230
856 _uhttp://www.taylorfrancis.com/books/9781315702551
942 _cEBOOK
999 _c1813383
_d1813383